Oxford Handbook Of Indian Constitution (Record no. 151693)
[ view plain ]
| 000 -LEADER | |
|---|---|
| fixed length control field | 00796nam a22002057a 4500 |
| 005 - DATE AND TIME OF LATEST TRANSACTION | |
| control field | 20180423154811.0 |
| 010 ## - LCCN (DPL NO) | |
| LC control number | B-691583-584 |
| 020 ## - INTERNATIONAL STANDARD BOOK NUMBER | |
| Terms of availability | 1345.00 |
| International Standard Book Number | 9780198787334 |
| 035 ## - SYSTEM CONTROL NUMBER | |
| System control number | B-691583-584 |
| 037 ## - SOURCE OF ACQUISITION | |
| Source of stock number/acquisition | R.K.Books |
| 100 ## - MAIN ENTRY--PERSONAL NAME | |
| Personal name | Choudhary, Sujit |
| 245 ## - TITLE STATEMENT | |
| Title | Oxford Handbook Of Indian Constitution |
| Statement of responsibility, etc | by Sujit Choudhary [and] Madav Khosla [and] Pratap Bhanu Mehta |
| 260 ## - PUBLICATION, DISTRIBUTION, ETC. (IMPRINT) | |
| Place of publication, distribution, etc | Delhi |
| Name of publisher, distributor, etc | Oxford University Press |
| Date of publication, distribution, etc | 2016 |
| 270 ## - ADDRESS | |
| Address | 2/11 Ground Floor,Ansari Road, Daryaganj |
| City | New Delhi |
| Postal code | 110002 |
| 300 ## - PHYSICAL DESCRIPTION | |
| Extent | 1048p. |
| Dimensions | 24cm (pbk) |
| 700 ## - ADDED ENTRY--PERSONAL NAME | |
| Personal name | Khosla, Madhav |
| 700 ## - ADDED ENTRY--PERSONAL NAME | |
| Personal name | Mehta, Pratapbhanu |
| 942 ## - ADDED ENTRY ELEMENTS (KOHA) | |
| Source of classification or shelving scheme | Dewey Decimal Classification |
| Item type | English Books |
| Call number suffix | CHO |
No items available.
